DESIGN OF MACHINE ELEMENTS (Record no. 1336)
[ view plain ]
| 000 -LEADER | |
|---|---|
| Fixed length control field | 00482nam a2200169 4500 |
| 003 - CONTROL NUMBER IDENTIFIER | |
| Control field | SEACOMEC |
| 005 - DATE AND TIME OF LATEST TRANSACTION | |
| Control field | 20240614133305.0 |
| 008 - FIXED-LENGTH DATA ELEMENTS--GENERAL INFORMATION | |
| Fixed length control field | 240614b |||||||| |||| 00| 0 eng d |
| 020 ## - INTERNATIONAL STANDARD BOOK NUMBER / ISBN | |
| International Standard Book Number | 978-9353433130 |
| 040 ## - CATALOGING SOURCE | |
| Original cataloging agency | SEACOMEC |
| 082 ## - DEWEY DECIMAL CLASSIFICATION NUMBER | |
| Classification number | 621.815 |
| Book Number | S765 |
| 100 ## - MAIN ENTRY--PERSONAL NAME | |
| Personal name | Spotts , M. F. |
| 245 ## - TITLE STATEMENT | |
| Title | DESIGN OF MACHINE ELEMENTS |
| Statement of responsibility | M. F. Spotts , Terry E. Shoup and L. E. Hornberge |
| 260 ## - IMPRINT | |
| Place of publication | Delhi |
| Name of publisher | Pearson Education |
| Date of publication | 2005 |
| 300 ## - PHYSICAL DESCRIPTION | |
| Page / Vol. No | 736p |
| Dimensions | 20.3 x 25.4 x 4.7 cm |
| 942 ## - ADDED ENTRY ELEMENTS (KOHA) | |
| Koha item type | Books |
| Withdrawn status | Lost status | Source of classification | Damaged status | Not for loan | Home library | Current library | Date acquired | Total Checkouts | Call number | Accession number | Date last seen | Price effective from | Koha item type |
|---|---|---|---|---|---|---|---|---|---|---|---|---|---|
| Dewey Decimal Classification | SEACOM ENGINEERING COLLEGE | SEACOM ENGINEERING COLLEGE | 14/06/2024 | 621.815 S765 | 5628 | 14/06/2024 | 14/06/2024 | Books |
